| 000 | 01280cam a2200289Ii 4500 | ||
|---|---|---|---|
| 001 | profanityhill00mill | ||
| 003 | CaSfIA | ||
| 005 | 20210118212356.0 | ||
| 007 | cr|||| | ||
| 008 | 791024s1979 waua 000 0 eng d | ||
| 040 |
_aWAU _cWAU _dOCLCQ _dCaSfIA |
||
| 035 | _a(OCoLC)5583395 | ||
| 043 | _an-us-wa | ||
| 050 | 4 |
_aF899.S46 _bY45 |
|
| 082 | 4 | _a301.4/41/09797 | |
| 100 | 1 | _aMiller, Irene Burns. | |
| 245 | 1 | 0 |
_aProfanity Hill / _h[electronic resource] _cby Irene Burns Miller ; illustrations by Jeri Burnside. |
| 260 |
_aEverett : _bWorking Press, _cc1979. |
||
| 300 |
_aiv, 139 p. : _bill. ; _c22 cm. |
||
| 600 | 1 | 0 | _aMiller, Irene Burns. |
| 650 | 0 |
_aRelocation (Housing) _zWashington (State) _zSeattle. |
|
| 856 | 4 | 1 |
_uhttp://www.archive.org/details/profanityhill00mill _zFree eBook from the Internet Archive |
| 856 | 4 | 2 |
_uhttp://www.openlibrary.org/books/OL24240631M _zAdditional information and access via Open Library |
| 942 | _cEB | ||
| 506 | _fНеобхідна авторизація на https://archive.org/ (створення облікового запису безкоштовно) | ||
| 506 | _fНеобхідна авторизація на https://openlibrary.org/ (створення облікового запису безкоштовно) | ||
| 999 |
_c539593 _d539593 |
||